Statystyki dla 15 najbardziej dotkniętych krajów Covid-19 - 15 września 2021

Kliknij tutaj aby rozwiązać quiz!

Ogólne statystyki

  • Ten quiz został rozwiązany 38 razy
  • Średni wynik to 12 z 26

Statystyki odpowiedzi

kraj% Poprawnych
Rosja
100%
Stany Zjednoczone
100%
Francja
88%
Brazylia
84%
Hiszpania
84%
Niemcy
80%
Włochy
80%
Indie
76%
Meksyk
72%
Wielka Brytania
68%
Szwecja
52%
Argentyna
48%
Iran
48%
Turcja
48%
Holandia
36%
Indonezja
32%
Kolumbia
28%
Czechy
20%
Izrael
16%
Estonia
12%
Litwa
12%
Urugwaj
12%
Gruzja
8%
Panama
8%
Słowenia
8%
Bahrajn
4%

Rozkład punktacji

Percentyl według liczby udzielonych odpowiedzi

Procent ludzi z każdym wynikiem

Twoja historia wyników

Nie rozwiązałeś tego quizu